146_ Personnalités nées un 26 mai par images - Statistiques

Statistiques générales
  • Ce quiz a été pris 20 fois
  • Le résultat moyen est 2 sur 9
Statistiques - réponses
Par images Hint Réponse % Correct
Chanteur Lenny Kravitz
70%
Politicienne Clémentine Autain
65%
Actrice Helena Bonham Carter
50%
Musicien Miles Davis
35%
Chanteuse Lauryn Hill
5%
Acteur Sami Bouajila
5%
Actrice Anne Consigny
0%
Chanteuse Catherine Sauvage
0%
Actrice Pam Grier
0%
Aucun quiz correspondant
Distribution des résultats
% des personnes avec chaque résultat
Percentile par nombre de réponses
Votre historique - résultats
Vous n’avez pas pris ce quiz